000 00882nam a2200253 4500
001 11015
003 HDC
007 cr bn ---aaaaa
008 210206c dr|noo 0 a eng d
040 _aHDC
100 _aWard, Zach
_eauthor
_911235
245 0 _aVet and meat hygiene inspector suspended at Simply Halal, Banham, as FSA investigations continue /
_cby Zach Ward
260 _a[No place] :
_bDiss Express,
_c[no year]
336 _atext
_2rdacontent
337 _acomputer
_2rdamedia
338 _aonline resource
_2rdacarrier
650 _aHalal issues
_91644
650 _aHygiene inspector
_911236
710 _aDiss Express
856 _zRequest full-text at [email protected]
942 _2lcc
942 _cNEWS
942 _kNWSO 002209
999 _c8338
_d8338